LEADER 01334nam a2200265 a 4500 001 000000157805 003 CaOOAMICUS 005 20170112091604.0 008 170112s1937 ne m 001 u ger r 032 $aLibriCat 040 $aPUL$bita 100 1 $aKarbach, Romanus.$0(OLS)http://pul/name/100730 245 14$aDer allgemeine Heilswille Gottes und seine Stellung im Pra?destinationsproblem :$bdie ersten Dezennien nach d. Konzil von Trient-Suarez /$cP. Romanus Karbach SS. CC. 260 $aSimpelveld :$bMissionsdrückerei Damianeum,$c1937. 300 $a46 p. ;$c25 cm. 502 $aEstratto da tesi -- Pontificia Universitas Gregoriana. Facultas theologica. 1937. 504 $aBibliografia in nota. 650 4$aPredestinazione.$0(OLS)http://pul/subject/5644 710 2 $aPontificia Università Gregoriana.$bFacoltà di teologia.$kTesi.$0(OLS)http://pul/name/81592 850 $aPUL 852 $aPUL$W1$xDP1 Tesi Pon. Univ. Gregoriana$y40$mTH PUG 88$j181139$qTesi$B184271$CPULBib$Z2$F184271 $82 941 1 $a16 996 $6245$aDer allgemeine Heilswille Gottes und seine Stellung im Pra?destinationsproblem :$bdie ersten Dezennien nach d. Konzil von Trient-Suarez$9(OLS)http://pul/title/197400 996 $6260$aSimpelveld :$bMissionsdrückerei Damianeum$9(OLS)http://pul/publisher/85848 LEADER 01608nam a2200349 a 4500 001 000000165694 003 CaOOAMICUS 005 20180205114605.0 008 180205s2017 it u000 u ita r 020 $a978-88-13-366520* 032 $aLibriCat 040 $aPUL$bita 082 04$a348.45 100 1 $aZaccaria, Alessio.$0(OLS)http://pul/name/68339 245 10$aCommentario breve alla disciplina delle locazioni immobiliari /$cAlessio Zaccaria ; con la collaborazione di Paola Aglietta ... [et al.] ; coordinamento Fulvio Troncone. 260 $aPadova :$bCEDAM,$cİ2017$aMilanofiori Assago :$bWolters Kluwer 300 $aXIX, 1401 p. ;$c22 cm. 490 1 $aBreviaria Iuris ;$v29 500 $aTesto su due colonne. 650 4$aLocazione$xDiritto.$0(OLS)http://pul/subject/33884 700 1 $aTroncone, Fulvio.$0(OLS)http://pul/name/106786 700 1 $aAglietta, Paola.$0(OLS)http://pul/name/106787 830 0$aBreviaria Iuris ;$v29.$0(OLS)http://pul/title/8521 850 $aPUL 852 $aPUL$W1$xDP2 Diritto e Scienze Sociali 3$y110$m348. 45 COD 1.1.68$j190042$qDDC 21$B193045$CPULBib$Z2$F193045 $H130445 $81 941 1 $a9 996 $6020$a978-88-13-366520*$9(OLS)http://pul/number/163376 996 $6082$a348.45$9(OLS)http://pul/classification/373 996 $6245$aCommentario breve alla disciplina delle locazioni immobiliari$9(OLS)http://pul/title/205385 996 $6260$aPadova :$bCEDAM$9(OLS)http://pul/publisher/48126 996 $6260$aMilanofiori Assago :$bWolters Kluwer$9(OLS)http://pul/publisher/81463